000 00367nam a2200157Ia 4500
008 221030s9999 xx 000 0 und d
041 _aEnglish
082 _a105.23
100 _aR. M. Barnes
245 0 _aMotion & Time Study
_cby R. M. Barnes
250 _a5th
260 _bAsian Books Ltd.
_aNew Delhi
_c0
300 _a665
650 _aPhysics
942 _cBK
999 _c10759
_d10759